|
|
|
|
| LEADER |
00763cas a2200169 a 4500 |
| 001 |
AALejournalResearch4Life016821 |
| 008 |
240902c9999 xx r poo 0 0eng d |
| 022 |
|
|
|a 27658511
|
| 040 |
|
|
|a BD-DhAAL
|c BD-DhAAL
|
| 245 |
0 |
0 |
|h [electronic resource]
|a Sustainable Environment | Taylor & Francis Group
|
| 260 |
|
|
|b Cambridge University Press
|
| 300 |
|
|
|a 1 online resource
|
| 362 |
0 |
|
|a 2015 - current issue
|
| 500 |
|
|
|a <strong>On-Campus Access Only (IP based access)</strong>
|
| 506 |
|
|
|a Electronic access restricted to authorized BRAC University faculty, staff and students
|
| 538 |
|
|
|a Mode of access: Internet
|
| 856 |
4 |
0 |
|z Full text available on Research4Life (HINARI,AGORA,OARE,ARDI & GOALI)
|u https://login.research4life.org/tacsgr1www_tandfonline_com/journals/oaes21
|